000 00281nam a2200109Ia 4500
008 220204s9999 xx 000 0 und d
082 _a8(082.2)
_bMAG
245 0 _aMagill's quotations in context
260 _aLondon
_bHarper and Row
_c1965
700 _aMagill, Frank N
942 _cBK
999 _c24769
_d24769